| 000 | 00435nam a2200157Ia 4500 | ||
|---|---|---|---|
| 008 | 231221s9999 xx 000 0 und d | ||
| 041 | _aEnglish | ||
| 082 | _a371.33 PAD;1 R | ||
| 100 | _aPadmaprasad S P | ||
| 245 | 0 | _aInformation and communication technology in education | |
| 250 | _a1st ed. | ||
| 260 |
_c2004 _bSumukha _aBangalore |
||
| 300 | _a91 | ||
| 650 | _aInformation,communication,technology,education | ||
| 942 | _cED | ||
| 999 |
_c206054 _d206054 |
||